[Event "ZI-2014-0-01837"]
[Site "LSS email"]
[Date "2014.07.05"]
[Round "?"]
[White "Acarer, Demir"]
[Black "Mashchenko, Vladimir"]
[Result "0-1"]
[WhiteElo "1400"]
[BlackElo "2228"]
[PlyCount "74"]
[EventDate "2014.06.26"]
[EventType "match (corr)"]
[EventRounds "2"]
[EventCountry "GER"]
[SourceTitle "Corr 2022"]
[Source "ChessBase"]
[SourceDate "2021.10.24"]
[SourceVersion "1"]
[SourceVersionDate "2021.10.24"]
[SourceQuality "1"]

1. e4 c5 2. Nf3 d6 3. Bc4 e6 4. 0-0 Nf6 5. Nc3 Be7 6. d4 cxd4 7. Nxd4 0-0 8. Be3 Qc7 9. Qe2 Nc6 10. Rad1 a6 11. Nxc6 Qxc6 12. f3 b5 13. Bb3 Rb8 14. Qf2 a5 15. a4 b4 16. Nb5 Ba6 17. Nd4 Qb7 18. Rfe1 Nd7 19. Qg3 Kh8 20. Bf4 Qb6 21. Kh1 Rbe8 22. Ba2 Rc8 23. Rd2 Nc5 24. Bb3 Rfd8 25. Bg5 Qc7 26. Ba2 h6 27. Be3 Bf6 28. b3 Qe7 29. Red1 Be5 30. Qh3 d5 31. Qh5 Qf6 32. Nb5 dxe4 33. Rxd8+ Rxd8 34. f4 Rxd1+ 35. Qxd1 Bxf4 36. Bxc5 e3 37. Bb6 Qe5 0-1

[Event "ZN-2014-0-02734"]
[Site "LSS email"]
[Date "2014.06.03"]
[Round "?"]
[White "Gantt, Kyle"]
[Black "Acarer, Demir"]
[Result "0-1"]
[WhiteElo "800"]
[BlackElo "1400"]
[PlyCount "28"]
[EventDate "2014.05.28"]
[EventType "match (corr)"]
[EventRounds "2"]
[EventCountry "GER"]
[SourceTitle "Corr 2022"]
[Source "ChessBase"]
[SourceDate "2021.10.24"]
[SourceVersion "1"]
[SourceVersionDate "2021.10.24"]
[SourceQuality "1"]

1. f4 d5 2. d4 Nf6 3. e3 c5 4. Bb5+ Bd7 5. Bxd7+ Nbxd7 6. Nf3 e6 7. Ne5 Bd6 8. Nxd7 Qxd7 9. dxc5 Bxc5 10. c3 0-0 11. Na3 Bxa3 12. bxa3 Ne4 13. Rf1 Nxc3 14. Qd3 Ne4 0-1